Aspects of housing law (Record no. 107596)

MARC details
000 -LEADER
fixed length control field 01146cam a22002895a 4500
001 - CONTROL NUMBER
control field L140992
008 - FIXED-LENGTH DATA ELEMENTS--GENERAL INFORMATION
fixed length control field 071024s2007 xxk f 001 0 eng d
020 ## - INTERNATIONAL STANDARD BOOK NUMBER
International Standard Book Number 9781845680145
035 ## - SYSTEM CONTROL NUMBER
System control number (Sirsi) u140992
041 0# - LANGUAGE CODE
Language code of text/sound track or separate title eng
100 1# - MAIN ENTRY--PERSONAL NAME
Personal name Morgan, Jill
245 00 - TITLE STATEMENT
Title Aspects of housing law
260 ## - PUBLICATION, DISTRIBUTION, ETC.
Place of publication, distribution, etc. London
Name of publisher, distributor, etc. Routledge Cavendish
Date of publication, distribution, etc. 2007
300 ## - PHYSICAL DESCRIPTION
Extent xlvi, 467p.
Dimensions 24cm.
350 ## - PRICE (NR) (BK AM CF MU VM SE) [OBSOLETE]
Price 28.95
505 2# - FORMATTED CONTENTS NOTE
Formatted contents note An overview of housing tenure -- General concerns -- The private rented sector -- Social housing
520 ## - SUMMARY, ETC.
Summary, etc. Covers statutes, statutory instruments and significant legal cases relating to housing. The book is aimed at students and is based on an undergraduate course in housing. Covers homelessness, owner-occupation, rent regulation, repairs and states of disrepair, succession to tenancies, the private rented sector, social housing and anti-social behaviour.
521 2# - TARGET AUDIENCE NOTE
Target audience note Advanced
590 ## - LOCAL NOTE (RLIN)
Local note KA
650 24 - SUBJECT ADDED ENTRY--TOPICAL TERM
Topical term or geographic name entry element RENT ACT 1977
650 24 - SUBJECT ADDED ENTRY--TOPICAL TERM
Topical term or geographic name entry element HOUSING ACT 1988
650 24 - SUBJECT ADDED ENTRY--TOPICAL TERM
Topical term or geographic name entry element PROTECTION FROM EVICTION ACT 1977
651 #4 - SUBJECT ADDED ENTRY--GEOGRAPHIC NAME
Geographic name England and Wales
Chronological subdivision 1543-
690 ## - LOCAL SUBJECT ADDED ENTRY--TOPICAL TERM (OCLC, RLIN)
Topical term or geographic name as entry element Residential property
9 (RLIN) 6266
942 ## - ADDED ENTRY ELEMENTS (KOHA)
Suppress in OPAC 0
Holdings
Withdrawn status Lost status Source of classification or shelving scheme Damaged status Not for loan Home library Current library Shelving location Date acquired Cost, normal purchase price Total Checkouts Full call number Barcode Date last seen Date last checked out Copy number Cost, replacement price Price effective from Koha item type
    Dewey Decimal Classification     London London Books 08/01/2008 24.61 1 306.026 MOR 30074331 06/08/2019 20/10/2008 1 24.61 06/08/2019 Book